000 00947cab a2200349 4500
001 ABS48850
008 090401t1993 xxu||||| |||| 00| 0 eng d
035 _a(Sirsi) u68814
041 _aeng
100 _aAustin, R.S.
245 _aFrench property: recent legal developments
260 _c1993
350 _a0
490 _aEstates Gazette
_v(9322) 5 June 1993, 104-105(2)
520 _aA round-up of tax changes and planning requirements introduced since the middle of 1992.
650 _aAGREMENT
650 _aCORPORATION TAX
650 _aDEVELOPMENT
650 _aFRANCE
650 _aIMMOVABLE PROPERTY
650 _aOFFICES
650 _aPERMIT
650 _aPLANNING TAXES
650 _aPROPERTY LAW
650 _aPROPERTY TAXES
650 _aTAXE LOCALE DEQUIPMENT
650 _aWITHHOLDING TAX
690 _aOVERSEAS-EUROPE
690 _aPROPERTY LAW AND PRACTICE
942 _n0
948 _c04/03/1997
999 _c43197
_d43197